News techniques for the application of herbicides on soybean crops (Registro n. 8951)
[ somente texto ]
| 000 -LÍDER | |
|---|---|
| fixed length control field | 04111nab a2200325 i 4500 |
| 003 - CÓDIGO MARC DA AGÊNCIA CATALOGADORA | |
| Campo de controle | BR-BrBNA |
| 005 - DATA E HORA DA ÚLTIMA ATUALIZAÇÃO | |
| Campo de controle | 20230901144920.0 |
| 008 - CAMPO DE TAMANHO FIXO | |
| fixed length control field | 230424b2018 bl.ar|pooa||| 00| 0 eng | |
| 040 ## - FONTE DA CATALOGAÇÃO | |
| Agência catalogadora | BR-BrBNA |
| Idioma da catalogação | eng |
| 072 ## - CATEGORIA AGRIS | |
| Código AGRIS | H60 |
| Código do objeto | 0336 |
| 100 ## - ENTRADA PRINCIPAL - NOME PESSOAL | |
| Nome pessoal | Pereira, C.S. |
| 100 ## - ENTRADA PRINCIPAL - NOME PESSOAL | |
| Nome pessoal | Lima, C. |
| 100 ## - ENTRADA PRINCIPAL - NOME PESSOAL | |
| Nome pessoal | Medeiros, A.L. |
| 100 ## - ENTRADA PRINCIPAL - NOME PESSOAL | |
| Nome pessoal | Arantes, S.A.C.M. |
| 100 ## - ENTRADA PRINCIPAL - NOME PESSOAL | |
| Nome pessoal | Assis, R.P. |
| 100 ## - ENTRADA PRINCIPAL - NOME PESSOAL | |
| Nome pessoal | Fiorini, I.V.A. |
| 100 ## - ENTRADA PRINCIPAL - NOME PESSOAL | |
| Nome pessoal | Carvalho, G. |
| 245 ## - TÍTULO PRINCIPAL | |
| Título principal | News techniques for the application of herbicides on soybean crops |
| 500 ## - NOTA GERAL | |
| Nota geral | Publicação on-line; 20 ref.; 5 tables; 2 illus.; Summaries (En, Pt) |
| 942 ## - ADDED ENTRY ELEMENTS (KOHA) | |
| Koha item type | |
| 520 ## - NOTA DE RESUMO | |
| Nota de conteúdo | <br/><br/>ABSTRACT - There is a need for an increase nin efficiency and a reduction in the<br/>risk of environmental contamination in controlling weeds; this can be obtained with<br/>the development of the new techniques for the application of herbicides. The objective<br/>was to verify the efficiency of different herbicide application techniques on soybean<br/>crops (Glycine max (L.) Merrill). The experiment was conducted in a commercial area<br/>in the municipality of Sinop, Mato Grosso state. The design was a randomized block,<br/>with four replications and six treatments, namely: herbicide application with a manual<br/>backpack sprayer; application with an acrylic wool roll with 9 mm long hairs; sheep’s<br/>wool roller with 9 mm long hairs; high density polyester foam roller; weeding with a<br/>hoe and free growth (no control). The used cultivar was TMG 132. The herbicide<br/>spray used in the treatments was: glyphosate 960 g ha-1, 80 g ha-1 haloxyfop-p-methyl<br/>600 mL ha-1 and oil, diluted in water and applied 14 and 27 days after emergence<br/>(DAE). The weed population, vegetative growth, chlorophyll content and soybean<br/>yield were evaluated. The use of the sprayer and the application with the sheep’s<br/>wool roller showed greater efficiency in weed control, but the mixture of herbicides<br/>resulted in culture phytotoxicity when applied via foliar spraying.<br/><br/>Keywords: spray, rollers, application technology. |
| 520 ## - NOTA DE RESUMO | |
| Nota de conteúdo | <br/><br/>RESUMO - Há necessidade de aumento na eficiência e redução no risco de<br/>contaminação ambiental no controle de plantas daninhas, o que pode ser obtido<br/>com o desenvolvimento de novas técnicas de aplicação de herbicidas. <br/>Objetivouse neste estudo verificar a eficiência de diferentes técnicas de aplicação de<br/>herbicidas na cultura da soja (Glycine max (L) Merrill). O experimento foi instalado<br/>numa área de lavoura comercial de cultura da soja no município de Sinop-MT. O<br/>delineamento utilizado foi em blocos ao acaso com quatro repetições e seis<br/>tratamentos: aplicação de herbicida com auxílio de pulverizador costal manual;<br/>aplicação com auxílio de rolo de lã acrílica com fios de 9 mm de comprimento;<br/>rolo de lã de carneiro com fios de 9 mm de comprimento; rolo de espuma de poliéster<br/>de alta densidade; capina com enxada; e livre crescimento (testemunha; sem<br/>controle). O cultivar utilizado foi o TMG 132. A calda com herbicida usada nos<br/>tratamentos foi: glifosato 960 g ha-1, 80 g ha-1 de haloxifop-p-metílico e 600 mL ha-1<br/>de óleo, diluídos em água e aplicados aos 14 e 27 dias após a emergência (DAE).<br/>Avaliou-se a de população de plantas daninhas e, na soja, o crescimento vegetativo,<br/>os teores de clorofila e a produtividade. O uso de pulverizador e a aplicação com<br/>rolo lã de carneiro apresentaram maior eficiência no controle de invasoras. A<br/>mistura de herbicidas resultou em fitotoxidade na cultura apenas quando aplicada<br/>via pulverização foliar.<br/><br/>Palavras-chave: pulverização, rolos, tecnologia de aplicação. |
| 650 ## - ASSUNTO - THESAGRO | |
| Cabeçalho tópico ou nome geográfico | HERBICIDA |
| 650 ## - ASSUNTO - THESAGRO | |
| Cabeçalho tópico ou nome geográfico | PULVERIZAÇÃO |
| 650 ## - ASSUNTO - THESAGRO | |
| Cabeçalho tópico ou nome geográfico | MÉTODO DE APLICAÇÃO |
| 650 ## - ASSUNTO - THESAGRO | |
| Cabeçalho tópico ou nome geográfico | TECNOLOGIA AGRÍCOLA |
| 773 0# - ENTRADA ANALÍTICA | |
| Host Biblionumber | 886 |
| Registro do item | 1815 |
| Imprenta | Londrina-PR : Sociedade Brasileira da Ciência das Plantas Daninhas, 1978 |
| Outro identificador | 2023-031022 |
| Título | Planta Daninha (Brazil) |
| ISSN | 0100-8358; 1806-9681 (on-line) |
| Colação | v. 36 p. 1-7; (2018) |
| Número de controle de registro | BR2023000094 |
| 856 ## - ACESSO E ENDEREÇO ELETRÔNICO | |
| Identificador uniforme de recurso - URI | https://www.scielo.br/j/pd/a/c9cMhkYY4KVX9gpvggDTRhH/?format=pdf&lang=en |
Nenhum exemplar disponível.

BINAGRI